000 01063nam a22002177a 4500
003 OSt
005 20160620105600.0
008 150407b2010 slv spa
040 _cBMC
082 _a372.7
100 1 _934689
_aRamos Aguilar, Henry Giovanny
245 1 0 _aPlanificación didáctica de programas de matemática para primer y segundo año de bachillerato
_b: Informe de proyecto de graduación
_cHenry Giovanny Ramos Aguilar, Mario Javier Alvarado Zepeda
260 _aIlobasco (El Salvador)
_bUniversidad Católica de El Salvador
_c[2010]
300 _a1 folleto (pág. var.)
_bil. col.
_c28 cm
500 _aPrecede al tít.: Universidad Católica de El Salvador, Centro Regional de Ilobasco
502 _aTrabajo de graduación para optar al grado académico de Licenciatura en Ciencias de la Educación especialidad en matemática.
650 2 4 _97302
_aMatemáticas
_xDidáctica
700 1 _934690
_aAlvarado Zepeda, Mario Javier
710 2 _91075
_aUniversidad Católica de El Salvador
_bFacultad de Ciencias y Humanidades
942 _2ddc
_cTG
999 _c21183
_d21183